Minecraft Songs Not Written by C418 - Statistics

General Stats
  • This quiz has been taken 2 times
  • The average score is 4 of 28
Answer Stats
Artist Year Song % Correct
Peter Hont 2025 Lava Chicken
100%
Aaron Cherof 2023 Precipice
100%
Samuel Åberg 2022 5
50%
Lena Raine 2023 Creator
50%
Lena Raine 2021 Otherside
50%
Lena Raine 2020 Pigstep
50%
Amos Roddy 2023 Aerie
0%
Aaron Cherof 2023 A Familiar Room
0%
Amos Roddy 2023 Anamnesis
0%
Lena Raine 2021 An Ordinary Day
0%
Aaron Cherof 2023 Bromeliad
0%
Lena Raine 2020 Chrysopoeia
0%
Lena Raine 2021 Comforting Memories
0%
Aaron Cherof 2023 Crescent Dunes
0%
Kumi Tanioka 2018 Dragon Fish
0%
Aaron Cherof 2023 Echo in the Wind
0%
Aaron Cherof 2023 Firebugs
0%
Lena Raine 2021 Floating Dream
0%
Lena Raine 2021 Infinite Amethyst
0%
Lena Raine 2021 Left to Bloom
0%
Lena Raine 2021 One More Day
0%
Aaron Cherof 2023 Relic
0%
Lena Raine 2020 Rubedo
0%
Lena Raine 2020 So Below
0%
Lena Raine 2021 Stand Tall
0%
Hyper Potions 2021 Wait (Remix)
0%
Amos Roddy 2023 Warmth
0%
Lena Raine 2021 Wending
0%
No matching quizzes found
Score Distribution
Percent of People with Each Score
Percentile by Number Answered
Your Score History
You have not taken this quiz